000 00654nam a2200181 i 4500
001 72172
003 ES-MaACL
005 20230906171338.0
007 t|
008 040826s1963 sp ||||1| spa d
100 1 _aGilmour, Robert.
_957003
245 1 0 _aCalificación de puestos de trabajo
_b: control de salarios /
_cRobert Gilmour ; traducción y revisión, Ramón Forn Valls ; prólogo, Carmelo Mª Cabré Rabadá.
260 _a[S.l. :
_bs.n.,
_c1963] (
_eBarcelona :
_fSagitario)
300 _a312 p. ;
_c22 cm.
700 1 _aForn Valls, Ramón.
_951765
700 1 _aCabré Rabada, Carmelo María.
_933272
852 _aES-MaACL
_jC-24822
_bR.53493
999 _c72172
_d72172